පළාත් පාලන ආයතන සඳහා පුරවැසි ප්රඥප්තිය පිළිබඳ මාර් ගෝපදේශ = Guide to citizens' charter for local authorities (Record no. 4710)
[ view plain ]
| 000 -LEADER | |
|---|---|
| fixed length control field | 00570nam a2200133 4500 |
| 003 - CONTROL NUMBER IDENTIFIER | |
| control field | LK-CoMWRAF |
| 005 - DATE AND TIME OF LATEST TRANSACTION | |
| control field | 20240131232611.0 |
| 008 - FIXED-LENGTH DATA ELEMENTS--GENERAL INFORMATION | |
| fixed length control field | 240131b |||||||| |||| 00| 0 eng d |
| 040 ## - CATALOGING SOURCE | |
| Original cataloging agency | LK-CoMWRAF |
| Modifying agency | LK-CoMWRAF |
| Description conventions | LK-CoMWRAF |
| 041 ## - LANGUAGE CODE | |
| Language code of text/sound track or separate title | Sinhala; Sinhalese |
| -- | English |
| 942 ## - ADDED ENTRY ELEMENTS (KOHA) | |
| Koha item type | Books |
| 245 ## - TITLE STATEMENT | |
| Title | පළාත් පාලන ආයතන සඳහා පුරවැසි ප්රඥප්තිය පිළිබඳ මාර් ගෝපදේශ = Guide to citizens' charter for local authorities |
| 260 ## - PUBLICATION, DISTRIBUTION, ETC. (IMPRINT) | |
| Place of publication, distribution, etc. | Colombo : |
| Name of publisher, distributor, etc. | Ministry of local government and provincial councils, |
| Date of publication, distribution, etc. | 2007 |
| Withdrawn status | Lost status | Damaged status | Not for loan | Permanent Location | Current Location | Date acquired | Barcode | Koha item type |
|---|---|---|---|---|---|---|---|---|
| Resource center, Muslim Women's Research And Action Forum | Resource center, Muslim Women's Research And Action Forum | 2024-01-31 | RAF4974 | Books |

